Top 10 Egg Producing Countries - Statistics

General Stats
  • This quiz has been taken 144 times
  • The average score is 8 of 10
Answer Stats
# Billions Eggs Country % Correct
2 95.18 United States
99%
1 495.75 China
98%
3 69.73 India
92%
5 43.43 Brazil
89%
4 50.32 Mexico
85%
7 40.78 Russia
85%
6 42.03 Japan
78%
8 27.19 Indonesia
75%
10 16.52 Turkey
53%
9 19.42 Ukraine
39%
No matching quizzes found
Score Distribution
Percent of People with Each Score
Percentile by Number Answered
Your Score History
You have not taken this quiz